| 000 | 00683nam a22002297a 4500 | ||
|---|---|---|---|
| 008 | 130623b xxu||||| |||| 00| 0 eng d | ||
| 020 | _a984-07-4109-8 | ||
| 024 | _cavailable | ||
| 037 | _cavailable | ||
| 040 |
_aMBSTU Library _dMBSTU Library |
||
| 082 |
_222 _a425 RAE |
||
| 100 | _aRashid, Harunur M. | ||
| 245 | _aEnglish for Bengali Learners | ||
| 260 |
_aDhaka _bBangla Academy _c2001 |
||
| 300 |
_a14 cm _b 109 page _f 10 _g14 cm |
||
| 600 | _aEnglish to bengali Learners | ||
| 700 | _a Rashid, Harunur M. | ||
| 270 |
_aDhaka _bDhaka _dBangladesh |
||
| 365 |
_b70.00 _d70.00 |
||
| 942 |
_2ddc _cBK |
||
| 999 |
_c524 _d524 |
||